000 00275nam a22001337a 4500
999 _c159330
_d159330
082 _a
_b
245 _aThe gospel of love/
_cby Chandan Lal Dhody (Tr.).
260 _a
_bSiddharth,
_c1987.
300 _a601p.
600 _a
650 _a
700 _a
942 _cBK